LEADER 00482nab a2200145 i 4500 001 000000289855 003 CaOOAMICUS 005 20180831165435.0 008 180831n xx uu u0 0und r 013 $a44619 040 $aSeMil$bita 245 10$a[vedi periodico]. 500 $aAprile-Settembre 2016 - Supplemento. 773 0 $aFalchini, Cecilia $tArte dell'ascolto.$dCamaldoli (AR) : Ed. Camaldoli, 2016.$w()251316 996 $6245$a[vedi periodico]$9(OLS)http://semarc/title/309439 LEADER 00643nam a2200169 i 4500 001 000000182269 003 CaOOAMICUS 005 20091017000000.0 008 091017n it u000 u ita u 013 $a160208 040 $aSeMil$bita 245 12$aL'esercizio della buona morte. 300 $a508 p. 773 0 $tOpere del padre Carlo Ambrogio Cattaneo della Compagnia di Gesł.$bNuova edizione diligentemente riveduta.$dMilano : Oliva e C., 1903.$g2$w()22183 850 $aSeMil 852 $aSeMil$W1$xVenegono$y1$m3D IV 168$j132973$B132973$CSeMilBibl$Z2$F144759 $81 996 $6245$aL'esercizio della buona morte$9(OLS)http://semarc/title/261570